Countries by Dress Design - Statistics

General Stats
  • This quiz has been taken 16 times
  • The average score is 12 of 30
Answer Stats
Picture Answer % Correct
Jamaica
93%
Brazil
79%
Ireland
79%
Canada
64%
Italy
64%
China
57%
France
57%
Japan
57%
Turkey
57%
Ukraine
57%
Denmark
50%
Palestine
50%
Philippines
50%
Germany
43%
India
43%
Nigeria
43%
Pakistan
43%
United States
43%
Mexico
36%
Sweden
36%
United Kingdom
36%
Romania
29%
Australia
21%
Kenya
14%
Netherlands
14%
Egypt
7%
Morocco
0%
Norway
0%
South Korea
0%
Spain
0%
No matching quizzes found
Score Distribution
Percent of People with Each Score
Percentile by Number Answered
Your Score History
You have not taken this quiz